Henry VII and his chopping block / (Record no. 6028)

MARC details
000 -LEADER
fixed length control field 01124nam a22003017a 4500
001 - CONTROL NUMBER
control field 6028
003 - CONTROL NUMBER IDENTIFIER
control field FISKH
005 - DATE AND TIME OF LATEST TRANSACTION
control field 20250224095322.0
008 - FIXED-LENGTH DATA ELEMENTS--GENERAL INFORMATION
fixed length control field 250224b cb ||||| |||| 00| 0 eng d
020 ## - INTERNATIONAL STANDARD BOOK NUMBER
International Standard Book Number 9780439211253
040 ## - CATALOGING SOURCE
Original cataloging agency FISKH
Language of cataloging eng
Transcribing agency FISKH
Modifying agency FISKH
050 ## - LIBRARY OF CONGRESS CALL NUMBER
Classification number PZ7.
082 ## - DEWEY DECIMAL CLASSIFICATION NUMBER
Classification number 942.052092
100 ## - MAIN ENTRY--PERSONAL NAME
Personal name Macdonald, Alan
Dates associated with a name (1958–)
245 ## - TITLE STATEMENT
Title Henry VII and his chopping block /
Statement of responsibility, etc. By Alan Macdonald ; Illustrated by Philip Reeve
250 ## - EDITION STATEMENT
Edition statement This edition first published in 2000
260 ## - PUBLICATION, DISTRIBUTION, ETC.
Place of publication, distribution, etc. London :
Name of publisher, distributor, etc. Scholastic,
Date of publication, distribution, etc. 1999.
300 ## - PHYSICAL DESCRIPTION
Extent 176 pages :
Other physical details illustrations ;
Dimensions 20 cm
505 ## - FORMATTED CONTENTS NOTE
Formatted contents note R<br/>
520 ## - SUMMARY, ETC.
Summary, etc. Even though he is dead, Henry is still full of surprises. Now you can get inside the story with Henry's secret diary, read the gossip in The Tudor Tatler and hear from Henry's victims before they lose their head on his chopping block.
521 8# - TARGET AUDIENCE NOTE
Target audience note 770<br/>
Source Lexile<br/>
521 8# - TARGET AUDIENCE NOTE
Target audience note R<br/>
Source Raz-Plus<br/>
650 ## - SUBJECT ADDED ENTRY--TOPICAL TERM
Source of heading or term King Henry VIII
Topical term or geographic name entry element Juvenile literature
650 ## - SUBJECT ADDED ENTRY--TOPICAL TERM
Source of heading or term Social life and customs --
Topical term or geographic name entry element 16th century --
700 ## - ADDED ENTRY--PERSONAL NAME
Personal name Reeve, Philip
Dates associated with a name illustrator
942 ## - ADDED ENTRY ELEMENTS (KOHA)
Source of classification or shelving scheme Dewey Decimal Classification
Koha item type Books
Suppress in OPAC No
Holdings
Withdrawn status Lost status Source of classification or shelving scheme Damaged status Not for loan Collection Home library Current library Shelving location Date acquired Total Checkouts Full call number Barcode Date last seen Copy number Price effective from Koha item type
    Dewey Decimal Classification     Juvenile Fiction Footprints International School Library Network Toul Kork Campus Footprints International School Library Network Toul Kork Campus TTP Primary Orange Bookshelves 02/24/2025   MAC PZ7. 942.052092 2025-0678 02/24/2025 1 02/24/2025 Books